Statistics for Most Popular Cities in the United Kingdom Quiz

Click here to take the quiz!

General Stats

  • This quiz has been taken 149 times
  • The average score is 12 of 15

Answer Stats

HintAnswer% Correct
EnglandLondon
100%
ScotlandGlasgow
97%
EnglandManchester
97%
WalesCardiff
93%
N. IrelandBelfast
91%
EnglandBirmingham
90%
ScotlandEdinburgh
90%
EnglandLiverpool
89%
ScotlandAberdeen
82%
WalesSwansea
76%
ScotlandInverness
67%
EnglandBristol
64%
ScotlandDundee
64%
N. IrelandDerry
60%
EnglandExeter
9%

Score Distribution

Percentile by Number Answered

Percent of People with Each Score

Your Score History

You have not taken this quiz